|
|
|
|
| LEADER |
01989nam a2200457 i 4500 |
| 001 |
EBC4914177 |
| 003 |
MiAaPQ |
| 005 |
20200520144314.0 |
| 006 |
m o d | |
| 007 |
cr cnu|||||||| |
| 008 |
170811t20172017njua ob 001 0 eng d |
| 020 |
|
|
|z 9781119331919
|
| 020 |
|
|
|a 9781119331933
|q (electronic bk.)
|
| 035 |
|
|
|a (MiAaPQ)EBC4914177
|
| 035 |
|
|
|a (Au-PeEL)EBL4914177
|
| 035 |
|
|
|a (CaPaEBR)ebr11412423
|
| 035 |
|
|
|a (CaONFJC)MIL1021878
|
| 035 |
|
|
|a (OCoLC)978712958
|
| 040 |
|
|
|a MiAaPQ
|b eng
|e rda
|e pn
|c MiAaPQ
|d MiAaPQ
|
| 050 |
|
4 |
|a HG4028.M4
|b .B546 2017
|
| 082 |
0 |
|
|a 657/.96
|2 23
|
| 100 |
1 |
|
|a Biemans, A. Vincent,
|d 1977-
|e author.
|
| 245 |
1 |
0 |
|a M & A disputes :
|b a professional guide to accounting arbitrations /
|c A. Vincent Biemans, Gerald M. Hansen.
|
| 264 |
|
1 |
|a Hoboken, New Jersey :
|b Wiley,
|c 2017.
|
| 264 |
|
4 |
|c 2017
|
| 300 |
|
|
|a 1 online resource (366 pages) :
|b illustrations (some color), tables.
|
| 336 |
|
|
|a text
|2 rdacontent
|
| 337 |
|
|
|a computer
|2 rdamedia
|
| 338 |
|
|
|a online resource
|2 rdacarrier
|
| 490 |
1 |
|
|a Wiley Finance Series
|
| 504 |
|
|
|a Includes bibliographical references at the end of each chapters and index.
|
| 588 |
|
|
|a Description based on print version record.
|
| 590 |
|
|
|a Electronic reproduction. Ann Arbor, MI : ProQuest, 2016. Available via World Wide Web. Access may be limited to ProQuest affiliated libraries.
|
| 650 |
|
0 |
|a Consolidation and merger of corporations
|x Accounting.
|
| 650 |
|
0 |
|a Arbitration (Administrative law)
|
| 655 |
|
4 |
|a Electronic books.
|
| 700 |
1 |
|
|a Hansen, Gerald M.,
|d 1967-
|e author.
|
| 776 |
0 |
8 |
|i Print version:
|a Biemans, A. Vincent, 1977-
|t M & A disputes : a professional guide to accounting arbitrations.
|d Hoboken, New Jersey : Wiley, c2017
|h xviii, 365 pages
|k Wiley finance series.
|z 9781119331919
|w 2017009404
|
| 797 |
2 |
|
|a ProQuest (Firm)
|
| 830 |
|
0 |
|a Wiley finance series.
|
| 856 |
4 |
0 |
|u https://ebookcentral.proquest.com/lib/matrademy/detail.action?docID=4914177
|z Click to View
|